| 000 | 00454cam a2200181 4500 | ||
|---|---|---|---|
| 001 | 45765 | ||
| 090 | _a45765 | ||
| 100 | _a19910306d1969 k y0pory5003 ba | ||
| 101 | 0 | _apor | |
| 102 | _aBR | ||
| 200 | 1 |
_aArtes plásticas entre as crianças _fMathylda Bessa |
|
| 210 |
_aRio de Janeiro _cLivraria José Olympio, _d1969 |
||
| 215 | _a95 p. | ||
| 225 | 2 | _aDidáctica dinâmica | |
| 675 | _a37.03 | ||
| 700 | 1 |
_aBessa, _bMathylda |
|
| 801 | 0 |
_aPT _bBN _gRPC |
|
| 990 | _cLIVROS | ||